[Event "40th IND-chT Open 2020"]
[Site "Ahmedabad"]
[Date "2020.02.08"]
[Round "3.1"]
[White "Krishna C R G"]
[Black "Adhiban, B.."]
[Result "1-0"]
[WhiteElo "2443"]
[BlackElo "2654"]
[Annotator "TA"]
[PlyCount "31"]
[EventDate "2020.02.05"]
[EventCountry "IND"]
[SourceTitle "playchess.com"]
[Source "ChessBase"]
[SourceQuality "1"]

{[%evp 9,18,21,20,10,34,25,19,27,15,-4,0]} 1. d4 Nf6 2. Nf3 g6 3. g3 Bg7 4. Bg2 c5 5. c4 cxd4 6. Nxd4 {A49: 1 d4 Nf6 2 Nf3 g6 3 g3: Anti-King's Indian systems} h5 7. Nc3 h4 8. Bg5 h3 9. Bf3 Nc6 {[%mdl 32768] [#] Loss on time!?} {Predecessor:} 10. Nxc6 $146 bxc6 11. Qd2 Qa5 12. Rc1 Nh7 13. Be3 Nf8 14. O-O Ne6 15. Rfd1 Rb8 16. c5 {0-1 (89) Bagaturov,G (2410)-Kovalenko,I (2642) Batumi 2018} 1-0

[Event "40th IND-chT Open 2020"]
[Site "Ahmedabad"]
[Date "2020.02.08"]
[Round "3.2"]
[White "Gupta, Abhijeet"]
[Black "Das, Sayantan"]
[Result "1/2-1/2"]
[WhiteElo "2608"]
[BlackElo "2426"]
[Annotator "TA"]
[PlyCount "62"]
[EventDate "2020.02.05"]
[EventCountry "IND"]
[SourceTitle "playchess.com"]
[Source "ChessBase"]
[SourceQuality "1"]

{[%evp 10,62,12,12,32,5,10,14,8,0,15,9,0,-10,6,8,18,-23,-17,-37,-34,-47,0,0,0,0,-1,-43,-29,-73,-76,-99,-52,-59,-61,-59,-59,-91,-87,-126,-120,-136,-135,-179,-185,-194,-145,-140,-105,-172,-104,-122,-111,-128,-121]} 1. d4 d5 2. c4 e6 3. Nc3 Bb4 4. a3 Bxc3+ 5. bxc3 Nf6 6. e3 c6 {E40: Nimzo-Indian: Rubinstein (4 e3): Unusual Black 4th moves} 7. Bd3 e5 $1 {[%mdl 4] is recently more successful than 7...0-0.} 8. Ne2 e4 {The position is equal.} 9. Bb1 O-O 10. O-O b6 11. f3 {[#]} Ba6 $146 (11... exf3 {is interesting.} 12. Rxf3 Re8 13. Rf4 Ba6 14. cxd5 cxd5 15. Ng3 Nbd7) ({Predecessor:} 11... Re8 12. Ng3 exf3 13. gxf3 Bh3 14. Re1 Nbd7 15. e4 dxc4 16. f4 Nf8 17. f5 Bg4 {1-0 (34) Iljiushenok,I (2479)-Voit,D (2337) Moscow 2016}) 12. cxd5 cxd5 13. fxe4 Nxe4 14. Bxe4 dxe4 15. Rf4 f5 16. Qb3+ Kh8 17. c4 Qc8 18. Bb2 Bxc4 {[%mdl 64] Double Attack} 19. Qd1 Bd5 $1 $36 {[%mdl 2048] Black has strong initiative.} 20. Rh4 {next Nf4 is good for White.} Qd8 21. Rh3 Nc6 {[%cal Bb8c6,Bc6e7,Be7d5][%mdl 32]} 22. Nf4 Ne7 23. a4 {[#]} ({Wrong is} 23. Nxd5 $2 Nxd5 24. Bc1 g6 $19) 23... Rf6 $1 24. Ba3 {Hoping for Bxe7.} Bf7 25. Qe1 Nd5 26. Qh4 {[%csl Gh3][%cal Rh4h7]} h6 27. Rf1 Nxf4 28. Qxf4 Qd5 29. Rc1 (29. Rg3 $17) 29... Kg8 ({Better is} 29... Re8 $19 30. Bb4 a5) 30. Rg3 $17 Re8 31. h4 {[#]} Bh5 $1 {Accuracy: White = 63%, Black = 79%.} 1/2-1/2

[Event "40th IND-chT Open 2020"]
[Site "Ahmedabad"]
[Date "2020.02.08"]
[Round "3.3"]
[White "Thejkumar, M. S."]
[Black "Karthikeyan, Murali"]
[Result "0-1"]
[WhiteElo "2438"]
[BlackElo "2602"]
[Annotator "TA"]
[PlyCount "218"]
[EventDate "2020.02.05"]
[EventCountry "IND"]
[SourceTitle "playchess.com"]
[Source "ChessBase"]
[SourceQuality "1"]

{[%evp 21,218,15,15,22,22,15,29,22,29,29,23,12,29,2,27,15,44,29,46,45,32,29,54,50,41,60,42,15,17,17,27,7,30,10,10,0,4,0,16,0,33,-112,-112,-112,-112,-112,-112,-112,-112,-112,-112,-112,-112,-112,-112,-112,-112,-112,-112,-112,-112,-112,-112,-112,-112,-112,-112,-112,-104,-105,-104,-104,-87,-106,-106,-106,-106,-106,-106,-106,-106,-106,-106,-106,-106,-106,-106,-106,-106,-106,-104,-104,-104,-104,-104,-104,0,-104,-104,-104,-104,-104,-104,-104,-104,-104,-104,-104,-104,-104,-103,-103,-97,-104,-103,-103,-103,-104,-104,-104,-104,-104,-104,-104,-104,-104,0,-104,0,-104,0,-104,-104,-104,-104,-104,-104,-104,-104,-104,-104,-104,-83,-106,-106,-106,-106,-106,-106,-106,-106,-106,-106,-106,-106,-106,-106,-106,-106,-106,-106,-106,-106,-106,-106,-106,-18,-18,-12,-106,0,0,0,-106,-106,-106,-106,-107,-106,-106,-106,-182,-182,-182,-166,-125,-125,-182,-182,-182,-125,-182,-182,-29964,-29965,-29974,-29975,-29972,-29972]} 1. d4 Nf6 2. c4 e6 3. Nf3 d5 4. Nc3 Bb4 5. Bg5 h6 6. Bxf6 Qxf6 7. e3 O-O 8. Rc1 Nd7 9. cxd5 exd5 10. a3 Bxc3+ 11. Rxc3 c6 12. Bd3 {D38: Queen's Gambit Declined: Ragozin Defence (4 Nf3 Bb4).} Qe7 $5 {[%mdl 4] A promising side line.} 13. O-O a5 {[#]} 14. Bb1 $146 {White has an edge.} ({Predecessor:} 14. Qc2) 14... Re8 15. Qc2 {Intending Qh7+ and mate.} g6 16. Qd2 Kg7 17. Rcc1 Qd6 18. Qc3 Ra6 19. Bd3 Ra8 20. b4 axb4 21. axb4 {[%cal Ba3b4,Bb4b5][%mdl 32]} Ra4 22. b5 {[%cal Rb5c6]} Ra3 23. Qc2 Nf6 24. Ra1 Rxa1 25. Rxa1 cxb5 26. Ne5 {Hoping for Nxf7!} Bd7 27. Nxd7 Qxd7 28. Qb2 Rc8 29. Qxb5 Rc6 30. Rb1 Qc7 31. Qxb7 (31. g3 $14 {keeps the upper hand.}) 31... Rc1+ 32. Bf1 Qxb7 33. Rxb7 $17 {[%mdl 4096] Endgame KRB-KRN} Ne4 $1 34. Rb2 Rd1 $1 35. g3 {next Kg2 is good for White.} Nd2 36. Rxd2 Rxd2 {KR-KB} 37. h4 Kf6 38. Bg2 Ke6 39. Bf3 Kd6 40. Kg2 Rb2 41. Kf1 Kc6 42. Kg2 Rb8 43. Kh3 Rd8 44. Kg4 Rd6 45. Be2 Rf6 46. f4 Kd6 47. h5 gxh5+ 48. Kf3 Ke7 49. Kf2 {[#]} h4 $1 50. gxh4 Rb6 51. Bf3 Ke6 52. Bg4+ Kd6 53. Kf3 Rb1 54. Kf2 Kc6 55. Bh5 f6 56. Bf3 Rb3 57. Bg2 Rb2+ 58. Kg3 Rb3 59. Kf2 Ra3 60. Bf3 Ra8 61. Kg3 Rd8 62. Be2 Re8 63. Kf2 Kb6 64. Bf3 Rd8 $1 65. Ke2 Kb5 66. Kd3 Kc6 67. Ke2 Kb6 68. Kd2 Kc7 69. Ke2 Kc6 70. Bg2 Ra8 71. Kf2 Ra2+ 72. Kg3 Ra3 73. Kf2 Ra2+ 74. Kg3 Ra8 ({Black should play} 74... Ra7 $17 75. f5 Rg7+ 76. Kf2 Rg8) 75. Kf2 (75. Bf3 $11) 75... Rd8 76. Ke2 $1 Kd6 77. Kf2 Ke6 78. Bh3+ Ke7 79. Bg2 Kd6 80. Kg3 Kc6 81. Bf1 Kb6 82. Kf2 Ka5 83. Ke2 Kb4 84. Kd3 Ra8 85. Be2 Ra3+ 86. Kd2 Ra2+ 87. Kd3 Kb5 88. Bf3 Kc6 89. h5 Kd6 90. Bg4 Rh2 91. Bf3 Rf2 92. Bd1 Kc6 93. Ba4+ Kb6 ({Black should try} 93... Kc7 $1 $17 94. Bc2 Kd6) 94. Bb3 $11 Rh2 95. Bd1 (95. Bxd5 $11 Rxh5 96. Ke4) 95... Rf2 (95... Rh3 $17 96. Bg4 Rh2) 96. Bb3 Rh2 (96... Kc7 $11) 97. Bd1 $17 Kc6 98. Ba4+ Kc7 99. Bd1 Kb6 100. Bf3 Kc6 101. e4 {[#]} (101. Bd1 $17) 101... Rh3 $1 $19 102. exd5+ Kd6 103. Ke3 f5 104. Kf2 (104. Ke2 $17) 104... Rh2+ 105. Ke3 {[#]} Ra2 (105... Rh4 $1 $19 106. Bd1 Kxd5 107. Bb3+ Kc6 108. Ba4+ Kd5 109. Bb3+ Kc6 110. Ba4+ Kd5 111. Bb3+) 106. Be2 (106. Kd3 $17) 106... Kxd5 {Threatens to win with ...Rxe2+!} 107. Bf3+ $2 {[#]} (107. Bd3 $19) 107... Kc4 $1 {Black mates.} 108. d5 Ra3+ 109. Kf2 {[#]} Rxf3+ $1 {[%mdl 512] Accuracy: White = 85%, Black = 90%.} 0-1

[Event "40th IND-chT Open 2020"]
[Site "Ahmedabad"]
[Date "2020.02.08"]
[Round "3.3"]
[White "Thejkumar, M. S."]
[Black "Karthikeyan, Murali"]
[Result "*"]
[WhiteElo "2438"]
[BlackElo "2602"]
[Annotator "TA"]
[PlyCount "55"]
[EventDate "2020.02.05"]
[EventCountry "IND"]
[SourceTitle "playchess.com"]
[Source "ChessBase"]
[SourceQuality "1"]

{[%evp 21,55,15,10,14,15,15,27,27,30,31,31,30,19,9,22,22,53,30,25,20,26,25,48,49,49,43,43,14,25,-754,33,45,84,0,0,0]} 1. d4 Nf6 2. c4 e6 3. Nf3 d5 4. Nc3 Bb4 5. Bg5 h6 6. Bxf6 Qxf6 7. e3 O-O 8. Rc1 Nd7 9. cxd5 exd5 10. a3 Bxc3+ 11. Rxc3 c6 12. Bd3 {D38: Queen's Gambit Declined: Ragozin Defence (4 Nf3 Bb4).} Qe7 13. O-O a5 {[#]} 14. Bb1 $146 {White has an edge.} ({Predecessor:} 14. Qc2) 14... Re8 15. Qc2 {[#] White wants to mate with Qh7+.} g6 16. Qd2 Kg7 17. Rcc1 Qd6 18. Qc3 Ra6 19. Bd3 Ra8 20. b4 axb4 21. axb4 {[%cal Ba3b4,Bb4b5][%mdl 32]} Ra4 22. b5 {[%cal Rb5c6]} Ra3 23. Qc2 Nf6 24. Ra1 Rxa1 25. Re1 $2 {[%mdl 8192] [#]} (25. Rxa1 $11 cxb5 26. Qb1 (26. Bxb5 Bf5 $11)) 25... Rb1 $2 ({Black should try} 25... Rxe1+ $19 26. Nxe1 Qb4) 26. Rxb1 $14 cxb5 27. Ra1 ({Much worse is} 27. Bxb5 Bf5 $11) ({White should play} 27. Rxb5 $16 b6 28. Qb2) 27... Bd7 $11 28. Ne5 {Accuracy: White = 84%, Black = 86%.} *

[Event "40th IND-chT Open 2020"]
[Site "Ahmedabad"]
[Date "2020.02.08"]
[Round "3.4"]
[White "Lalith Babu M R"]
[Black "Das, Arghyadip"]
[Result "1-0"]
[WhiteElo "2550"]
[BlackElo "2458"]
[Annotator "ChessBase"]
[PlyCount "67"]
[EventDate "2020.02.05"]
[EventCountry "IND"]
[SourceTitle "playchess.com"]
[Source "ChessBase"]
[SourceQuality "1"]
[TimeControl "5400+30"]

1. d4 {[%emt 0:00:00]} e6 {[%emt 0:00:33]} 2. c4 {[%emt 0:00:00]} d5 {[%emt 0:00:05]} 3. Nf3 {[%emt 0:00:00]} Nf6 {[%emt 0:00:29]} 4. Nc3 {[%emt 0:00:00]} c6 {[%emt 0:00:08]} 5. e3 {[%emt 0:00:00]} Nbd7 {[%emt 0:00:18]} 6. Bd3 {[%emt 0:00:04]} dxc4 {[%emt 0:01:20]} 7. Bxc4 {[%emt 0:00:08]} b5 {[%emt 0:00:07]} 8. Bd3 {[%emt 0:00:03]} Bb7 {[%emt 0:02:04]} 9. e4 {[%emt 0:00:15]} b4 {[%emt 0:01:25]} 10. Na4 {[%emt 0:00:04]} c5 {[%emt 0:00:15]} 11. e5 {[%emt 0:00:04]} Nd5 {[%emt 0:00:44]} 12. O-O {[%emt 0:00:16]} cxd4 {[%emt 0:00:56]} 13. Nxd4 {[%emt 0:00:04]} Nxe5 {[%emt 0:00:41]} 14. Bb5+ {[%emt 0:02:22]} Nd7 {[%emt 0:00:09]} 15. Re1 {[%emt 0:05:22]} Rc8 {[%emt 0:00:05]} 16. Qh5 {[%emt 0:14:22]} g6 {[%emt 0:07:20]} 17. Qh3 {[%emt 0:00:50]} a6 {[%emt 0:24:44]} 18. Bg5 {[%emt 0:20:09]} Be7 {[%emt 0:27:06]} 19. Bxe7 {[%emt 0:02:58]} Nxe7 {[%emt 0:06:50]} 20. Nxe6 {[%emt 0:08:58]} fxe6 {[%emt 0:00:26]} 21. Bxd7+ {[%emt 0:00:05]} Qxd7 {[%emt 0:00:55]} 22. Nb6 {[%emt 0:00:04]} Qb5 {[%emt 0:00:39]} 23. Nxc8 {[%emt 0:05:43]} Bxc8 {[%emt 0:00:07]} 24. Qh4 {[%emt 0:00:23]} Nf5 {[%emt 0:05:10]} 25. Qf6 {[%emt 0:08:04]} Rf8 {[%emt 0:00:06]} 26. Qg5 {[%emt 0:00:02]} Qb6 {[%emt 0:00:55]} 27. Rad1 {[%emt 0:02:59]} Kf7 {[%emt 0:02:01]} 28. Rd2 {[%emt 0:04:36]} Kg8 {[%emt 0:01:59]} 29. Red1 {[%emt 0:00:40]} Bb7 {[%emt 0:04:08]} 30. Rd8 {[%emt 0:00:42]} Ne7 {[%emt 0:05:20]} 31. Rxf8+ {[%emt 0:00:17]} Kxf8 {[%emt 0:00:01]} 32. Qf6+ {[%emt 0:00:06]} Ke8 {[%emt 0:00:04]} 33. Qh8+ {[%emt 0:00:04]} Kf7 {[%emt 0:00:02]} 34. Rd8 {[%emt 0:00:17]} 1-0

[Event "40th IND-chT Open 2020"]
[Site "Ahmedabad"]
[Date "2020.02.08"]
[Round "3.5"]
[White "Vignesh N R"]
[Black "Narayanan, Srinath"]
[Result "0-1"]
[WhiteElo "2436"]
[BlackElo "2535"]
[Annotator "ChessBase"]
[PlyCount "92"]
[EventDate "2020.02.05"]
[EventCountry "IND"]
[SourceTitle "playchess.com"]
[Source "ChessBase"]
[SourceQuality "1"]
[TimeControl "5400+30"]

1. e4 {[%emt 0:00:00]} c5 {[%emt 0:00:52]} 2. Nf3 {[%emt 0:00:00]} d6 {[%emt 0:00:05]} 3. d4 {[%emt 0:00:00]} cxd4 {[%emt 0:00:11]} 4. Nxd4 {[%emt 0:00:01]} Nf6 {[%emt 0:00:06]} 5. Nc3 {[%emt 0:00:04]} Nc6 {[%emt 0:00:04]} 6. Bg5 {[%emt 0:00:08]} e6 {[%emt 0:00:03]} 7. Qd2 {[%emt 0:00:06]} a6 {[%emt 0:00:07]} 8. O-O-O {[%emt 0:00:06]} Be7 {[%emt 0:00:03]} 9. f3 {[%emt 0:03:23]} O-O {[%emt 0:01:12]} 10. h4 {[%emt 0:01:19]} Nxd4 {[%emt 0:00:24]} 11. Qxd4 {[%emt 0:00:03]} b5 {[%emt 0:00:06]} 12. Kb1 {[%emt 0:01:04]} Bb7 {[%emt 0:00:14]} 13. e5 {[%emt 0:11:41]} dxe5 {[%emt 0:09:56]} 14. Qxe5 {[%emt 0:00:08]} Qb8 {[%emt 0:01:13]} 15. Qe3 {[%emt 0:06:50]} Rc8 {[%emt 0:27:40]} 16. Bxf6 {[%emt 0:19:06]} Bxf6 {[%emt 0:13:35]} 17. Ne4 {[%emt 0:00:03]} Be7 {[%emt 0:00:21]} 18. Bd3 {[%emt 0:01:25]} Bd5 {[%emt 0:05:26]} 19. Ng5 {[%emt 0:06:02]} h6 {[%emt 0:01:50]} 20. Bh7+ {[%emt 0:04:21]} Kf8 {[%emt 0:01:04]} 21. Rxd5 {[%emt 0:08:50]} exd5 {[%emt 0:17:50]} 22. Ne6+ {[%emt 0:00:26]} fxe6 {[%emt 0:01:28]} 23. Qxe6 {[%emt 0:00:02]} Bb4 {[%emt 0:00:15]} 24. c3 {[%emt 0:01:43]} Qf4 {[%emt 0:06:47]} 25. Qg8+ {[%emt 0:05:17]} Ke7 {[%emt 0:00:01]} 26. Re1+ {[%emt 0:02:03]} Kd6 {[%emt 0:01:00]} 27. Qe6+ {[%emt 0:09:35]} Kc7 {[%emt 0:00:11]} 28. g3 {[%emt 0:02:23]} Qf6 {[%emt 0:02:23]} 29. cxb4 {[%emt 0:05:08]} Qxe6 {[%emt 0:00:55]} 30. Rxe6 {[%emt 0:00:02]} Re8 {[%emt 0:00:05]} 31. Rg6 {[%emt 0:00:04]} Re7 {[%emt 0:00:11]} 32. Rg4 {[%emt 0:00:01]} Rf8 {[%emt 0:00:44]} 33. f4 {[%emt 0:00:02]} g5 {[%emt 0:05:00]} 34. Bd3 {[%emt 0:00:20]} gxf4 {[%emt 0:00:05]} 35. gxf4 {[%emt 0:00:03]} h5 {[%emt 0:00:19]} 36. Rg6 {[%emt 0:03:11]} Rxf4 {[%emt 0:00:49]} 37. Rxa6 {[%emt 0:00:01]} Re1+ {[%emt 0:01:00]} 38. Kc2 {[%emt 0:00:02]} Re3 {[%emt 0:00:16]} 39. Bxb5 {[%emt 0:04:46]} Rf2+ {[%emt 0:00:10]} 40. Kd1 {[%emt 0:00:05]} Rh3 {[%emt 0:00:58]} 41. Be2 {[%emt 0:00:24]} Rxh4 {[%emt 0:00:26]} 42. b5 {[%emt 0:00:14]} Rh1+ {[%emt 0:01:34]} 43. Kd2 {[%emt 0:00:02]} Rhh2 {[%emt 0:00:03]} 44. Re6 {[%emt 0:00:09]} Rxe2+ {[%emt 0:02:03]} 45. Rxe2 {[%emt 0:00:02]} Rxe2+ {[%emt 0:00:05]} 46. Kxe2 {[%emt 0:00:02]} h4 {[%emt 0:00:02]} 0-1

[Event "40th IND-chT Open 2020"]
[Site "Ahmedabad"]
[Date "2020.02.08"]
[Round "3.6"]
[White "Satyapragyan, Swayangsu"]
[Black "Ravi, Teja S."]
[Result "1/2-1/2"]
[WhiteElo "2403"]
[BlackElo "2470"]
[Annotator "TA"]
[PlyCount "38"]
[EventDate "2020.02.05"]
[EventCountry "IND"]
[SourceTitle "playchess.com"]
[Source "ChessBase"]
[SourceQuality "1"]

{[%evp 10,38,24,22,27,31,41,32,27,0,0,0,0,0,4,7,0,10,13,0,2,0,17,0,0,0,11,0,0,0,13]} 1. e4 c6 2. Nc3 d5 3. Nf3 dxe4 4. Nxe4 Nf6 5. Qe2 Nxe4 6. Qxe4 Be6 {B11: Caro-Kann: Two Knights Variation.} 7. b3 Nd7 8. Bb2 Nf6 {White is slightly better.} 9. Qh4 Bf5 {[#] The position is equal.} 10. Ne5 $146 ({Predecessor:} 10. O-O-O e6 11. Ne5 Be7 12. f3 a5 13. a4 Nd5 14. Qe1 Nb4 15. d3 h6 16. h4 {0-1 (38) Karthikeyan,M (2560)-Ghosh,D (2556) Kolkata 2019}) 10... e6 11. Bd3 Bxd3 12. Nxd3 $40 {[%mdl 128] White is up to no good.} Be7 13. Qg3 O-O 14. O-O Ne8 15. Rae1 Bf6 16. Ba3 Be7 17. Bb2 Bf6 18. Ba3 Be7 19. Bb2 Bf6 {Accuracy: White = 90%, Black = 100%.} 1/2-1/2

[Event "40th IND-chT Open 2020"]
[Site "Ahmedabad"]
[Date "2020.02.08"]
[Round "3.7"]
[White "Deepan Chakkravarthy J."]
[Black "Swayams, Mishra"]
[Result "1/2-1/2"]
[WhiteElo "2545"]
[BlackElo "2485"]
[Annotator "ChessBase"]
[PlyCount "118"]
[EventDate "2020.02.05"]
[EventCountry "IND"]
[SourceTitle "playchess.com"]
[Source "ChessBase"]
[SourceQuality "1"]
[TimeControl "5400+30"]

1. e3 {[%emt 0:04:09]} g6 {[%emt 0:03:04]} 2. c4 {[%emt 0:02:19]} Bg7 {[%emt 0:00:13]} 3. Nc3 {[%emt 0:00:03]} d6 {[%emt 0:04:10]} 4. b3 {[%emt 0:02:09]} e5 {[%emt 0:00:11]} 5. Bb2 {[%emt 0:00:05]} Nc6 {[%emt 0:09:36]} 6. Nge2 {[%emt 0:06:09]} Nh6 {[%emt 0:02:06]} 7. h4 {[%emt 0:09:32]} f5 {[%emt 0:08:41]} 8. Ng3 {[%emt 0:01:15]} Be6 {[%emt 0:01:28]} 9. a3 {[%emt 0:04:52]} a5 {[%emt 0:03:40]} 10. Qc2 {[%emt 0:03:52]} Qd7 {[%emt 0:02:14]} 11. Be2 {[%emt 0:00:38]} Qf7 {[%emt 0:14:55]} 12. Nf1 {[%emt 0:17:35]} Qe7 {[%emt 0:14:34]} 13. Nd5 {[%emt 0:08:06]} Qf7 {[%emt 0:03:23]} 14. Nc3 {[%emt 0:02:55]} Qe7 {[%emt 0:01:22]} 15. Nd5 {[%emt 0:06:15]} Qf7 {[%emt 0:00:08]} 16. Nh2 {[%emt 0:10:23]} Bxd5 {[%emt 0:03:49]} 17. cxd5 {[%emt 0:00:02]} Qxd5 {[%emt 0:00:10]} 18. Nf3 {[%emt 0:01:21]} Nf7 {[%emt 0:03:32]} 19. Bc4 {[%emt 0:10:32]} Qc5 {[%emt 0:00:10]} 20. d4 {[%emt 0:00:03]} exd4 {[%emt 0:14:22]} 21. exd4 {[%emt 0:02:53]} Nxd4 {[%emt 0:00:12]} 22. Nxd4 {[%emt 0:01:56]} Bxd4 {[%emt 0:01:00]} 23. Bxd4 {[%emt 0:01:14]} Qxd4 {[%emt 0:00:02]} 24. Bxf7+ {[%emt 0:00:05]} Kxf7 {[%emt 0:00:11]} 25. Qxc7+ {[%emt 0:00:04]} Kf6 {[%emt 0:00:13]} 26. O-O {[%emt 0:00:04]} Rhc8 {[%emt 0:08:33]} 27. Qxb7 {[%emt 0:00:33]} Rab8 {[%emt 0:00:09]} 28. Qd7 {[%emt 0:00:39]} Rd8 {[%emt 0:00:15]} 29. Qc7 {[%emt 0:00:08]} Rdc8 {[%emt 0:00:03]} 30. Qxa5 {[%emt 0:00:22]} Rxb3 {[%emt 0:00:57]} 31. Rad1 {[%emt 0:01:26]} Rd3 {[%emt 0:01:27]} 32. Rxd3 {[%emt 0:00:05]} Qxd3 {[%emt 0:00:01]} 33. Qa7 {[%emt 0:00:13]} Rc4 {[%emt 0:01:03]} 34. Qxh7 {[%emt 0:00:37]} Qxa3 {[%emt 0:00:27]} 35. Re1 {[%emt 0:03:10]} Re4 {[%emt 0:00:17]} 36. Qh8+ {[%emt 0:01:25]} Ke6 {[%emt 0:00:45]} 37. Rb1 {[%emt 0:00:41]} Qa7 {[%emt 0:00:36]} 38. Rb8 {[%emt 0:00:30]} Re1+ {[%emt 0:00:25]} 39. Kh2 {[%emt 0:00:03]} Qxf2 {[%emt 0:00:29]} 40. Qg8+ {[%emt 0:00:59]} Ke5 {[%emt 0:00:16]} 41. Qg7+ {[%emt 0:00:20]} Kf4 {[%emt 0:00:34]} 42. Rb4+ {[%emt 0:00:44]} Re4 {[%emt 0:00:23]} 43. Rb3 {[%emt 0:00:29]} Qxh4+ {[%emt 0:00:49]} 44. Rh3 {[%emt 0:00:02]} Qg4 {[%emt 0:00:32]} 45. Rf3+ {[%emt 0:00:54]} Kg5 {[%emt 0:00:02]} 46. Rg3 {[%emt 0:00:16]} Qxg3+ {[%emt 0:00:01]} 47. Kxg3 {[%emt 0:00:05]} d5 {[%emt 0:00:04]} 48. Qd7 {[%emt 0:01:07]} d4 {[%emt 0:00:24]} 49. Kf2 {[%emt 0:00:07]} Kh6 {[%emt 0:00:14]} 50. Qf7 {[%emt 0:00:53]} Kg5 {[%emt 0:00:25]} 51. Qg7 {[%emt 0:00:27]} Kh5 {[%emt 0:00:33]} 52. Qh7+ {[%emt 0:00:03]} Kg5 {[%emt 0:00:13]} 53. Qh8 {[%emt 0:00:02]} Rg4 {[%emt 0:01:17]} 54. Ke1 {[%emt 0:00:02]} Rxg2 {[%emt 0:00:44]} 55. Qxd4 {[%emt 0:00:13]} Rg4 {[%emt 0:00:07]} 56. Qh8 {[%emt 0:01:56]} Re4+ {[%emt 0:00:12]} 57. Kd2 {[%emt 0:00:27]} Rg4 {[%emt 0:00:03]} 58. Kd3 {[%emt 0:00:19]} Re4 {[%emt 0:00:03]} 59. Qd8+ {[%emt 0:00:55]} Kf4 {[%emt 0:03:41]} 1/2-1/2

[Event "40th IND-chT Open 2020"]
[Site "Ahmedabad"]
[Date "2020.02.08"]
[Round "3.8"]
[White "Bakre, Tejas"]
[Black "Swapnil, S. Dhopade"]
[Result "1/2-1/2"]
[WhiteElo "2425"]
[BlackElo "2495"]
[Annotator "ChessBase"]
[PlyCount "83"]
[EventDate "2020.02.05"]
[EventCountry "IND"]
[SourceTitle "playchess.com"]
[Source "ChessBase"]
[SourceQuality "1"]
[TimeControl "5400+30"]

1. d4 {[%emt 0:00:00]} Nf6 {[%emt 0:00:00]} 2. Bf4 {[%emt 0:00:21]} d5 {[%emt 0:00:00]} 3. e3 {[%emt 0:00:20]} e6 {[%emt 0:01:55]} 4. Nd2 {[%emt 0:00:49]} c5 {[%emt 0:00:24]} 5. c3 {[%emt 0:00:11]} Bd6 {[%emt 0:00:27]} 6. Bg3 {[%emt 0:00:58]} Qc7 {[%emt 0:03:06]} 7. Ngf3 {[%emt 0:10:33]} Nbd7 {[%emt 0:00:28]} 8. Bb5 {[%emt 0:01:10]} O-O {[%emt 0:00:51]} 9. O-O {[%emt 0:00:16]} Bxg3 {[%emt 0:04:23]} 10. hxg3 {[%emt 0:00:09]} a6 {[%emt 0:08:16]} 11. Bxd7 {[%emt 0:02:27]} Bxd7 {[%emt 0:02:21]} 12. Ne5 {[%emt 0:00:17]} Bb5 {[%emt 0:00:07]} 13. Re1 {[%emt 0:00:22]} Nd7 {[%emt 0:00:57]} 14. Ndf3 {[%emt 0:05:53]} Nxe5 {[%emt 0:03:12]} 15. Nxe5 {[%emt 0:00:16]} a5 {[%emt 0:01:48]} 16. Rc1 {[%emt 0:06:28]} Rfd8 {[%emt 0:04:44]} 17. Qg4 {[%emt 0:07:37]} Ra6 {[%emt 0:02:28]} 18. Qf4 {[%emt 0:06:03]} f6 {[%emt 0:09:14]} 19. Nf3 {[%emt 0:00:59]} Rc6 {[%emt 0:06:32]} 20. e4 {[%emt 0:07:38]} Qxf4 {[%emt 0:09:07]} 21. gxf4 {[%emt 0:00:09]} dxe4 {[%emt 0:00:03]} 22. Rxe4 {[%emt 0:00:26]} Bc4 {[%emt 0:04:28]} 23. dxc5 {[%emt 0:01:26]} Bxa2 {[%emt 0:00:42]} 24. Ra4 {[%emt 0:11:52]} Bd5 {[%emt 0:00:45]} 25. Rxa5 {[%emt 0:00:44]} Rdc8 {[%emt 0:02:17]} 26. b4 {[%emt 0:08:34]} b6 {[%emt 0:00:16]} 27. cxb6 {[%emt 0:00:41]} Rxb6 {[%emt 0:00:06]} 28. b5 {[%emt 0:02:24]} Rc5 {[%emt 0:06:43]} 29. Nd2 {[%emt 0:03:39]} Rcxb5 {[%emt 0:10:06]} 30. Rxb5 {[%emt 0:00:12]} Rxb5 {[%emt 0:00:04]} 31. c4 {[%emt 0:00:06]} Rc5 {[%emt 0:00:02]} 32. Re1 {[%emt 0:00:10]} Bc6 {[%emt 0:02:22]} 33. Rxe6 {[%emt 0:00:08]} Kf7 {[%emt 0:00:08]} 34. Rd6 {[%emt 0:02:37]} Ke7 {[%emt 0:00:40]} 35. Rd4 {[%emt 0:01:59]} Ra5 {[%emt 0:00:12]} 36. f3 {[%emt 0:00:08]} h5 {[%emt 0:01:15]} 37. Kf2 {[%emt 0:00:15]} h4 {[%emt 0:03:47]} 38. f5 {[%emt 0:03:23]} h3 {[%emt 0:04:10]} 39. g4 {[%emt 0:02:59]} Ra2 {[%emt 0:01:51]} 40. Kg3 {[%emt 0:04:05]} h2 {[%emt 0:00:15]} 41. Kxh2 {[%emt 0:00:05]} Bxf3 {[%emt 0:00:04]} 42. Kg3 {[%emt 0:00:09]} 1/2-1/2